Countries by Constitutional Articles - Statistics

General Stats
  • This quiz has been taken 21 times
  • The average score is 5 of 10
Answer Stats
Hint Answer % Correct
___ is a socialist state under the people’s democratic dictatorship led by the working class and based on the alliance of workers and peasants. The socialist system is the basic system of ___. Disruption of the socialist system by any organization or individual is prohibited. China
90%
___ is a sovereign state, united and indivisible, where nothing is dispensable, and its system is democratic republic based on citizenship and the rule of law. ___ is part of the Arab nation and enhances its integration and unity. It is part of the Muslim world, belongs to the African continent, is proud of its Asian dimension, and contributes to building human civilization. Egypt
67%
___ is a sovereign and independent State within the framework of the general principles of international law and of the particular conventions with France. The territory of the Principality is unalienable. Monaco
67%
___ is irrevocably free and independent, basing its moral property and values of freedom, equality, justice and international peace on the doctrine of Simon Bolivar, the Liberator. Independence, liberty, sovereignty, immunity, territorial integrity and national self-determination are unrenounceable rights of the Nation. Venezuela
57%
___ is an Arab, independent, fully sovereign State. There shall be no surrender of its sovereignty nor cession of any part of its territories. The people of ___ are part of the Arab Nation. Kuwait
52%
___ shall be an indivisible, secular, democratic and social Republic. It shall ensure the equality of all citizens before the law, without distinction of origin, race or religion. It shall respect all beliefs. It shall be organised on a decentralized basis. Statutes shall promote equal access by women and men to elective offices and posts as well as to position of professional and social responsibility. France
48%
___ is a sovereign republic. The constitution of ___ is established in this constitutional act. The constitution shall guarantee the inviolability of human dignity and the freedom and rights of the individual and promote justice in society. ___ participates in international co-operation for the protection of peace and human rights and for the development of society. ___ is a Member State of the European Union (1112/2011, entry into force 1.3.2012) Finland
43%
___ is a Kingdom in which the King shall rule according to the Constitution and the principles of liberal multi-party democracy. ___ shall be an independent, sovereign, peaceful, permanently neutral and non-aligned country. Cambodia
33%
___ is a unitary, sovereign, democratic Kingdom. The territory of ___ comprises all the land that immediately before the 6th September 1968 comprised the former ___ together with such additional land as may from time to time be declared to form part of ___ in accordance with international law. Eswatini
33%
___ is a democratic Republic founded on labour. Sovereignty belongs to the people and is exercised by the people in the forms and within the limits of the Constitution. Italy
33%
No matching quizzes found
Score Distribution
Percent of People with Each Score
Percentile by Number Answered
Your Score History
You have not taken this quiz